000 02544nam a22002417a 4500
001 9576
003 FISKH
005 20260123153623.0
008 260123b cb ||||| |||| 00| 0 eng d
020 _a9781847941831
040 _aFISKH
_beng
_cFISKH
_dFISKH
050 _aBF335 .C525
082 _a155.24
100 _aClear, James
245 _aAtomic habits :
_bTiny changes, remarkable results
250 _aThis edition published in 2022
260 _aUnited Kingdom :
_bConer Stone Press,
_c2018.
300 _a306 pages :
_c24 cm
520 _aNo matter your goals, Atomic Habits offers a proven framework for improving every day. James Clear, one of the world's leading experts on habit formation, reveals practical strategies that will teach you exactly how to form good habits, break bad ones, and master the tiny behaviors that lead to remarkable results. If you're having trouble changing your habits, the problem isn't you. The problem is your system. Bad habits repeat themselves again and again not because you don't want to change, but because you have the wrong system for change. You do not rise to the level of your goals. You fall to the level of your systems. Here, you'll get a proven system that can take you to new heights. Clear is known for his ability to distill complex topics into simple behaviors that can be easily applied to daily life and work. Here, he draws on the most proven ideas from biology, psychology, and neuroscience to create an easy-to-understand guide for making good habits inevitable and bad habits impossible. Along the way, readers will be inspired and entertained with true stories from Olympic gold medalists, award-winning artists, business leaders, life-saving physicians, and star comedians who have used the science of small habits to master their craft and vault to the top of their field. Learn how to: make time for new habits (even when life gets crazy); overcome a lack of motivation and willpower; design your environment to make success easier; get back on track when you fall off course; ...and much more. Atomic Habits will reshape the way you think about progress and success, and give you the tools and strategies you need to transform your habits—whether you are a team looking to win a championship, an organization hoping to redefine an industry, or simply an individual who wishes to quit smoking, lose weight, reduce stress, or achieve any other goal.
650 _aProductivity
_vSelf-improvement
_xPsychology
942 _2ddc
_cBK
_n0
999 _c9576
_d9576